[Event "Bundesliga 9900"]
[Site "Deutschland"]
[Date "1999.10.10"]
[Round "2.8"]
[White "Darnstaedt, Frank"]
[Black "Meins, Gerlef"]
[Result "1/2-1/2"]
[WhiteElo "2340"]
[BlackElo "2421"]
[PlyCount "120"]
[EventDate "1999.10.09"]
[EventType "team"]
[EventRounds "15"]
[EventCountry "GER"]
[SourceTitle "Bundesliga 9900"]
[Source "DeepChess"]
[SourceDate "2005.01.01"]
[SourceVersion "1"]
[SourceVersionDate "2005.01.01"]
[SourceQuality "1"]
[WhiteTeam "USC Magdeburg"]
[BlackTeam "SAbt SV Werder Bremen"]
[WhiteTeamCountry "GER"]
[BlackTeamCountry "GER"]

1. e4 c5 2. c3 d5 3. exd5 Qxd5 4. d4 Nc6 5. Nf3 Bg4 6. Be2 cxd4 7. cxd4 e6 8.
Nc3 Qa5 9. h3 Bh5 10. d5 exd5 11. Nd4 Bxe2 12. Qxe2+ Be7 13. Nxc6 bxc6 14. O-O
Nf6 15. Bd2 Qc7 16. Rfe1 d4 17. Na4 Nd5 18. Qg4 O-O 19. Qxd4 Bf6 20. Qc5 Rab8
21. Rac1 Bxb2 22. Qxd5 Bxc1 23. Rxc1 cxd5 24. Rxc7 Rfc8 25. Rxa7 Ra8 26. Rxa8
Rxa8 27. Nb6 Rxa2 28. Bc3 f6 29. Nxd5 Kf7 30. Nf4 Ra4 31. g3 Ra3 32. Bd4 Ra4
33. Be3 Ra2 34. Kg2 Ra8 35. Kf3 Re8 36. h4 Re5 37. g4 Ra5 38. Ne2 h6 39. Ng3
Rd5 40. Kf4 Ra5 41. Nf5 Ra4+ 42. Kf3 Ra5 43. Nd6+ Ke6 44. Ne4 Ra3 45. Ng3 Ra5
46. Bd4 Kf7 47. Ke4 Ke6 48. Nf5 Kf7 49. h5 Kg8 50. f4 Kf7 51. g5 hxg5 52. fxg5
fxg5 53. Nxg7 Ra2 54. Nf5 Rh2 55. Ng3 Rh4+ 56. Ke5 Rh3 57. Bf2 Kg7 58. Kf5 Kh6
59. Kg4 Rh4+ 60. Kf3 Rxh5 1/2-1/2

[Event "Bundesliga 9900"]
[Site "Deutschland"]
[Date "1999.10.10"]
[Round "2.1"]
[White "Khenkin, Igor"]
[Black "Jussupow, Artur"]
[Result "1/2-1/2"]
[WhiteElo "2633"]
[BlackElo "2636"]
[PlyCount "37"]
[EventDate "1999.10.09"]
[EventType "team"]
[EventRounds "15"]
[EventCountry "GER"]
[SourceTitle "Bundesliga 9900"]
[Source "DeepChess"]
[SourceDate "2005.01.01"]
[SourceVersion "1"]
[SourceVersionDate "2005.01.01"]
[SourceQuality "1"]
[WhiteTeam "TV Tegernsee"]
[BlackTeam "SG 1868 Aljech. Solingen"]
[WhiteTeamCountry "GER"]
[BlackTeamCountry "GER"]

1. d4 Nf6 2. c4 e6 3. Nf3 d5 4. Nc3 Be7 5. Qc2 dxc4 6. e4 Nc6 7. e5 Nb4 8. Qb1
Nfd5 9. Bxc4 Nb6 10. Be2 Bd7 11. O-O Bc6 12. a3 N4d5 13. Ne4 Qd7 14. Re1 Bb5
15. Bd1 a5 16. Ng3 h6 17. h4 a4 18. Qe4 O-O-O 19. h5 1/2-1/2

[Event "Bundesliga 9900"]
[Site "Deutschland"]
[Date "1999.10.10"]
[Round "2.3"]
[White "Hertneck, Gerald"]
[Black "Piket, Jeroen"]
[Result "1/2-1/2"]
[WhiteElo "2561"]
[BlackElo "2625"]
[PlyCount "132"]
[EventDate "1999.10.09"]
[EventType "team"]
[EventRounds "15"]
[EventCountry "GER"]
[SourceTitle "Bundesliga 9900"]
[Source "DeepChess"]
[SourceDate "2005.01.01"]
[SourceVersion "1"]
[SourceVersionDate "2005.01.01"]
[SourceQuality "1"]
[WhiteTeam "TV Tegernsee"]
[BlackTeam "SG 1868 Aljech. Solingen"]
[WhiteTeamCountry "GER"]
[BlackTeamCountry "GER"]

1. d4 Nf6 2. Nf3 e6 3. c4 d5 4. Nc3 dxc4 5. e3 a6 6. a4 c5 7. Bxc4 Nc6 8. O-O
Qc7 9. d5 Na5 10. Ba2 c4 11. e4 e5 12. Bg5 Nd7 13. Nd2 Rb8 14. d6 Qxd6 15. Nxc4
Nxc4 16. Bxc4 Nb6 17. Bb3 Qxd1 18. Rfxd1 Be6 19. Bxe6 fxe6 20. a5 Nc4 21. b3
Nd6 22. Rd3 Rc8 23. Be3 Be7 24. f3 Kf7 25. Na4 Rc6 26. Nb6 Rd8 27. Rad1 Ke8 28.
Kf2 Nf7 29. Nc4 Rxd3 30. Rxd3 Bd8 31. Ke2 Bc7 32. Bd2 b5 33. axb6 Bxb6 34. Nxb6
Rxb6 35. b4 g6 36. Bc3 Rb5 37. Rd1 Ke7 38. Ra1 Rb6 39. Ra5 Kd7 40. Kd3 Kc6 41.
Bxe5 Nxe5+ 42. Rxe5 Kd6 43. Ra5 Rxb4 44. Rxa6+ Ke5 45. Ke3 g5 46. Kf2 Kf4 47.
g3+ Ke5 48. Ra7 Rb2+ 49. Kg1 Kd4 50. Rxh7 Ke3 51. Rf7 Rf2 52. Ra7 Rxf3 53. Rg7
Kxe4 54. Rxg5 Ra3 55. Kg2 Ra2+ 56. Kh3 e5 57. g4 Kd4 58. Rg8 e4 59. Rd8+ Ke3
60. Kg3 Ra1 61. h3 Rg1+ 62. Kh2 Ra1 63. Kg2 Rc1 64. Rd7 Rb1 65. Rf7 Kd3 66.
Rd7+ Ke3 1/2-1/2

[Event "Bundesliga 9900"]
[Site "Deutschland"]
[Date "1999.10.10"]
[Round "2.4"]
[White "Kasimdzhanov, Rustam"]
[Black "Teske, Henrik"]
[Result "1/2-1/2"]
[WhiteElo "2603"]
[BlackElo "2515"]
[PlyCount "55"]
[EventDate "1999.10.09"]
[EventType "team"]
[EventRounds "15"]
[EventCountry "GER"]
[SourceTitle "Bundesliga 9900"]
[Source "DeepChess"]
[SourceDate "2005.01.01"]
[SourceVersion "1"]
[SourceVersionDate "2005.01.01"]
[SourceQuality "1"]
[WhiteTeam "SG 1868 Aljech. Solingen"]
[BlackTeam "TV Tegernsee"]
[WhiteTeamCountry "GER"]
[BlackTeamCountry "GER"]

1. Nf3 d5 2. c4 e6 3. d4 c6 4. Nbd2 Nf6 5. e3 Nbd7 6. Bd3 b6 7. O-O Bb7 8. e4
dxe4 9. Nxe4 Be7 10. Bf4 Nxe4 11. Bxe4 O-O 12. Ne5 Nxe5 13. Bxe5 Bd6 14. Qc2 f5
15. Bf3 Bxe5 16. dxe5 Qc7 17. Rfe1 Rad8 18. c5 Rd4 19. Rac1 Rfd8 20. Qb3 Kf7
21. Rc4 bxc5 22. Rxc5 Qb6 23. Qxb6 axb6 24. Rc3 Rd2 25. Rb3 b5 26. h4 R8d4 27.
g3 Rc4 28. Re2 1/2-1/2

[Event "Bundesliga 9900"]
[Site "Deutschland"]
[Date "1999.10.10"]
[Round "2.5"]
[White "Pezerovic, Edin"]
[Black "Lobron, Eric"]
[Result "1/2-1/2"]
[WhiteElo "2447"]
[BlackElo "2540"]
[PlyCount "96"]
[EventDate "1999.10.09"]
[EventType "team"]
[EventRounds "15"]
[EventCountry "GER"]
[SourceTitle "Bundesliga 9900"]
[Source "DeepChess"]
[SourceDate "2005.01.01"]
[SourceVersion "1"]
[SourceVersionDate "2005.01.01"]
[SourceQuality "1"]
[WhiteTeam "TV Tegernsee"]
[BlackTeam "SG 1868 Aljech. Solingen"]
[WhiteTeamCountry "GER"]
[BlackTeamCountry "GER"]

1. Nf3 c5 2. c3 d5 3. d4 e6 4. Bf4 Bd6 5. Bg3 Nc6 6. e3 Nf6 7. Bd3 Bxg3 8. hxg3
Qb6 9. b3 Bd7 10. Ne5 cxd4 11. cxd4 Rc8 12. Nxd7 Kxd7 13. Nd2 Nb4 14. Nf3 Nxd3+
15. Qxd3 Qb4+ 16. Qd2 Qxd2+ 17. Nxd2 Rc2 18. f3 Rhc8 19. Ke2 h5 20. Rhb1 Ne8
21. Kd1 R8c3 22. Rc1 Rxc1+ 23. Rxc1 Rxc1+ 24. Kxc1 Nd6 25. Kc2 Kc6 26. a4 Kb6
27. b4 Kc6 28. Kd3 b5 29. a5 Nf5 30. Nf1 Kd6 31. Ke2 Ne7 32. Kd3 Nc6 33. Kc3 e5
34. Nd2 exd4+ 35. exd4 Ne7 36. Kd3 Nf5 37. Nf1 Ke6 38. Kc3 Kf6 39. Kd3 Ke6 40.
Kc3 g5 41. Kd3 Nd6 42. Ne3 Nf5 43. Nxf5 Kxf5 44. Ke3 g4 45. f4 a6 46. Kd3 Ke6
47. Ke2 Kf6 48. Kf2 Kf5 1/2-1/2

[Event "Bundesliga 9900"]
[Site "Deutschland"]
[Date "1999.10.10"]
[Round "2.6"]
[White "Naumann, Alexander"]
[Black "Kachiani Gersinska, Ketino"]
[Result "0-1"]
[WhiteElo "2478"]
[BlackElo "2427"]
[PlyCount "116"]
[EventDate "1999.10.09"]
[EventType "team"]
[EventRounds "15"]
[EventCountry "GER"]
[SourceTitle "Bundesliga 9900"]
[Source "DeepChess"]
[SourceDate "2005.01.01"]
[SourceVersion "1"]
[SourceVersionDate "2005.01.01"]
[SourceQuality "1"]
[WhiteTeam "SG 1868 Aljech. Solingen"]
[BlackTeam "TV Tegernsee"]
[WhiteTeamCountry "GER"]
[BlackTeamCountry "GER"]

1. e4 e5 2. Nf3 Nc6 3. Bb5 a6 4. Ba4 Nf6 5. O-O Be7 6. Bxc6 dxc6 7. d3 Qd6 8.
Nbd2 Be6 9. b3 Nd7 10. Bb2 f6 11. Qe2 c5 12. Rad1 b5 13. c3 Bg4 14. h3 Bh5 15.
Rfe1 Nf8 16. Nf1 Ne6 17. Ng3 Bxf3 18. Qxf3 g6 19. d4 O-O 20. dxe5 Qxe5 21. Qg4
Rfd8 22. Nf5 Bf8 23. Nh4 Kf7 24. g3 c4 25. Nf3 Qh5 26. Qxh5 gxh5 27. bxc4 bxc4
28. Nd2 Nc5 29. Nxc4 Rxd1 30. Rxd1 Nxe4 31. Rd7+ Ke6 32. Rxc7 Bc5 33. Kg2 Bxf2
34. Kf3 Bxg3 35. Rc6+ Kd7 36. Rb6 f5 37. Rh6 Rd8 38. Rxh7+ Kc6 39. Rxh5 Rd3+
40. Ke2 Rd5 41. Rh8 Bc7 42. Re8 Rd7 43. Ke3 Rh7 44. Ne5+ Kb7 45. Nf3 Nd6 46.
Rf8 Nc4+ 47. Kd4 Nxb2 48. Rxf5 Rxh3 49. c4 Rg3 50. Kd5 Nd1 51. Kd4 Rg4+ 52. Kd3
Nb2+ 53. Kc3 Nxc4 54. Rf8 Nd6 55. Kb3 Ne4 56. Rf7 Rg3 57. Kb4 a5+ 58. Ka4 Kb6
0-1

[Event "Bundesliga 9900"]
[Site "Deutschland"]
[Date "1999.10.10"]
[Round "2.7"]
[White "Klundt, Klaus"]
[Black "Chandler, Murray G"]
[Result "0-1"]
[WhiteElo "2407"]
[BlackElo "2505"]
[PlyCount "82"]
[EventDate "1999.10.09"]
[EventType "team"]
[EventRounds "15"]
[EventCountry "GER"]
[SourceTitle "Bundesliga 9900"]
[Source "DeepChess"]
[SourceDate "2005.01.01"]
[SourceVersion "1"]
[SourceVersionDate "2005.01.01"]
[SourceQuality "1"]
[WhiteTeam "TV Tegernsee"]
[BlackTeam "SG 1868 Aljech. Solingen"]
[WhiteTeamCountry "GER"]
[BlackTeamCountry "GER"]

1. e4 c5 2. Nf3 Nc6 3. Bb5 d6 4. O-O Bd7 5. c3 a6 6. Ba4 Nf6 7. Re1 b5 8. Bc2
e5 9. d3 Be7 10. Nbd2 O-O 11. Nf1 Re8 12. Bg5 h6 13. Bh4 Be6 14. Ne3 Rc8 15. a4
Qb6 16. axb5 axb5 17. Bb3 Na5 18. Bxe6 fxe6 19. b4 cxb4 20. cxb4 Nc6 21. Qb3
Kf7 22. Rec1 g6 23. Bxf6 Bxf6 24. Ng4 Bg7 25. Qb2 h5 26. Ng5+ Kg8 27. Ne3 Bh6
28. h4 Nd4 29. Qa2 Rxc1+ 30. Rxc1 Bxg5 31. hxg5 Qd8 32. Kf1 Qxg5 33. Rc7 Qh4
34. Kg1 Rf8 35. Nf1 Qg5 36. Nh2 Qf6 37. f3 Qg5 38. Qf2 Ra8 39. Nf1 Ra1 40. Kh2
Qf4+ 41. Kh3 g5 0-1

[Event "Bundesliga 9900"]
[Site "Deutschland"]
[Date "1999.10.10"]
[Round "2.8"]
[White "Schaefer, Markus"]
[Black "Bayer, Bernhard"]
[Result "1-0"]
[WhiteElo "2402"]
[BlackElo "2295"]
[PlyCount "85"]
[EventDate "1999.10.09"]
[EventType "team"]
[EventRounds "15"]
[EventCountry "GER"]
[SourceTitle "Bundesliga 9900"]
[Source "DeepChess"]
[SourceDate "2005.01.01"]
[SourceVersion "1"]
[SourceVersionDate "2005.01.01"]
[SourceQuality "1"]
[WhiteTeam "SG 1868 Aljech. Solingen"]
[BlackTeam "TV Tegernsee"]
[WhiteTeamCountry "GER"]
[BlackTeamCountry "GER"]

1. e4 e6 2. d4 d5 3. Nd2 Nf6 4. e5 Nfd7 5. Bd3 c5 6. c3 Nc6 7. Ne2 cxd4 8. cxd4
Qb6 9. Nf3 f6 10. exf6 Nxf6 11. O-O Bd6 12. Bf4 Bxf4 13. Nxf4 O-O 14. Qd2 Bd7
15. Rfe1 Rae8 16. Rac1 Kh8 17. Bb1 Nxd4 18. Qxd4 Qxd4 19. Nxd4 e5 20. Nfe6 Bxe6
21. Rxe5 Bd7 22. Rxe8 Rxe8 23. f3 Re5 24. Kf2 Ne8 25. Rc3 Kg8 26. Ra3 a6 27.
Rb3 Bc8 28. Re3 Rxe3 29. Kxe3 Kf7 30. Ne2 Nd6 31. Kd4 Bf5 32. Bxf5 Nxf5+ 33.
Kxd5 Ne3+ 34. Kc5 Nxg2 35. Kb6 Ne1 36. Kxb7 Nxf3 37. Kxa6 Nxh2 38. b4 Nf3 39.
a4 h5 40. a5 h4 41. Kb6 h3 42. a6 h2 43. Ng3 1-0

[Event "Bundesliga 9900"]
[Site "Deutschland"]
[Date "1999.10.10"]
[Round "2.1"]
[White "Schlosser, Philipp"]
[Black "Nielsen, Peter Heine"]
[Result "1/2-1/2"]
[WhiteElo "2512"]
[BlackElo "2560"]
[PlyCount "97"]
[EventDate "1999.10.09"]
[EventType "team"]
[EventRounds "15"]
[EventCountry "GER"]
[SourceTitle "Bundesliga 9900"]
[Source "DeepChess"]
[SourceDate "2005.01.01"]
[SourceVersion "1"]
[SourceVersionDate "2005.01.01"]
[SourceQuality "1"]
[WhiteTeam "SK Passau 1869"]
[BlackTeam "SV Wattenscheid 1930"]
[WhiteTeamCountry "GER"]
[BlackTeamCountry "GER"]

1. c4 c5 2. Nf3 g6 3. d4 cxd4 4. Nxd4 Bg7 5. e4 Nc6 6. Be3 Nf6 7. Nc3 O-O 8.
Be2 d6 9. O-O Bd7 10. Nc2 Rc8 11. f3 a6 12. Rc1 Ne5 13. Na3 Qa5 14. Qb3 Nc6 15.
Nc2 Qc7 16. Nb4 Nxb4 17. Qxb4 Qb8 18. a4 Bc6 19. Rfd1 Rfd8 20. a5 e6 21. Qb3 h6
22. Rc2 g5 23. Rcd2 Nh5 24. Bd4 Bxd4+ 25. Rxd4 Nf4 26. Bf1 Ng6 27. Qb4 Ne5 28.
Rxd6 Rxd6 29. Rxd6 Rd8 30. Rxd8+ Qxd8 31. Qc5 Nd3 32. Bxd3 Qxd3 33. h3 Qd2 34.
Qf2 Qc1+ 35. Kh2 Qf4+ 36. g3 Qe5 37. c5 Qc7 38. b4 Qe5 39. Qd2 Kh7 40. Ne2 Qa1
41. Nd4 Qf1 42. h4 g4 43. Qg2 Qd1 44. Nxc6 gxf3 45. Qf2 bxc6 46. g4 Qb3 47. Kg3
Qxb4 48. Qxf3 Qe1+ 49. Qf2 1/2-1/2

[Event "Bundesliga 9900"]
[Site "Deutschland"]
[Date "1999.10.10"]
[Round "2.4"]
[White "Sjodahl, Pontus"]
[Black "Smejkal, Jan"]
[Result "1-0"]
[WhiteElo "2419"]
[BlackElo "2526"]
[PlyCount "99"]
[EventDate "1999.10.09"]
[EventType "team"]
[EventRounds "15"]
[EventCountry "GER"]
[SourceTitle "Bundesliga 9900"]
[Source "DeepChess"]
[SourceDate "2005.01.01"]
[SourceVersion "1"]
[SourceVersionDate "2005.01.01"]
[SourceQuality "1"]
[WhiteTeam "SV Wattenscheid 1930"]
[BlackTeam "SK Passau 1869"]
[WhiteTeamCountry "GER"]
[BlackTeamCountry "GER"]

1. d4 Nf6 2. c4 g6 3. f3 d5 4. cxd5 Nxd5 5. e4 Nb6 6. Nc3 Bg7 7. Be3 O-O 8. Qd2
Nc6 9. O-O-O e5 10. d5 Nd4 11. f4 c5 12. fxe5 Bg4 13. Re1 Bxe5 14. h3 Bd7 15.
Nf3 Nxf3 16. gxf3 Qe7 17. h4 h5 18. Kb1 f5 19. Qg2 Kh7 20. Rg1 Rg8 21. Qg5 Qxg5
22. Bxg5 fxe4 23. fxe4 Nc8 24. Bb5 Bxb5 25. Nxb5 a6 26. Nc3 Nd6 27. Rgf1 Rae8
28. Kc2 Kg7 29. Nb1 Bd4 30. Nd2 b5 31. Bf4 Be5 32. Bg5 Bd4 33. b3 Rgf8 34. Rxf8
Kxf8 35. Kd3 Be5 36. Be3 Rc8 37. Rc1 Nb7 38. Nf3 Bg7 39. e5 Ke7 40. Bg5+ Kd7
41. Ke4 c4 42. b4 Rf8 43. Nd4 Rf2 44. a4 Rg2 45. axb5 Rg4+ 46. Ke3 axb5 47. e6+
Kd6 48. Nxb5+ Kxd5 49. e7 Re4+ 50. Kf3 1-0

[Event "Bundesliga 9900"]
[Site "Deutschland"]
[Date "1999.10.10"]
[Round "2.5"]
[White "Enders, Peter"]
[Black "Holzke, Frank"]
[Result "1-0"]
[WhiteElo "2493"]
[BlackElo "2448"]
[PlyCount "119"]
[EventDate "1999.10.09"]
[EventType "team"]
[EventRounds "15"]
[EventCountry "GER"]
[SourceTitle "Bundesliga 9900"]
[Source "DeepChess"]
[SourceDate "2005.01.01"]
[SourceVersion "1"]
[SourceVersionDate "2005.01.01"]
[SourceQuality "1"]
[WhiteTeam "SK Passau 1869"]
[BlackTeam "SV Wattenscheid 1930"]
[WhiteTeamCountry "GER"]
[BlackTeamCountry "GER"]

1. e4 e6 2. d4 d5 3. Nc3 Nf6 4. e5 Nfd7 5. f4 c5 6. Nf3 Nc6 7. Be3 a6 8. a3 b5
9. Be2 Bb7 10. Qd2 cxd4 11. Nxd4 Nxd4 12. Bxd4 Bc5 13. Rd1 Rc8 14. Bxc5 Rxc5
15. Qd4 O-O 16. O-O f6 17. exf6 Qxf6 18. Qxf6 Rxf6 19. Ne4 dxe4 20. Rxd7 Rf7
21. Rd8+ Rf8 22. Rxf8+ Kxf8 23. c3 Ke7 24. Kf2 e5 25. f5 Rd5 26. Ke3 Kf6 27. g4
Kg5 28. h4+ Kxh4 29. Rh1+ Kg5 30. Rxh7 Rd7 31. Rh5+ Kf6 32. Rh8 Bd5 33. Rc8 Kg5
34. Re8 Kf6 35. Bf1 Kg5 36. Be2 Kf6 37. Rc8 Kg5 38. Rc5 Kh4 39. a4 bxa4 40. Ra5
Bb3 41. Rxe5 Bd1 42. Bxd1 Rxd1 43. Rxe4 Rb1 44. Rxa4 Rxb2 45. Rxa6 Kxg4 46. f6
Rb7 47. fxg7 Rxg7 48. c4 Kf5 49. Kd4 Rd7+ 50. Kc5 Ke5 51. Rh6 Rd8 52. Kb6 Kd4
53. c5 Rb8+ 54. Ka7 Rb1 55. c6 Ra1+ 56. Kb7 Rb1+ 57. Kc8 Kc5 58. c7 Rg1 59. Kb8
Rb1+ 60. Ka7 1-0

[Event "Bundesliga 9900"]
[Site "Deutschland"]
[Date "1999.10.10"]
[Round "2.6"]
[White "Ellers, Holger"]
[Black "Stangl, Markus"]
[Result "1-0"]
[WhiteElo "2426"]
[BlackElo "2517"]
[PlyCount "73"]
[EventDate "1999.10.09"]
[EventType "team"]
[EventRounds "15"]
[EventCountry "GER"]
[SourceTitle "Bundesliga 9900"]
[Source "DeepChess"]
[SourceDate "2005.01.01"]
[SourceVersion "1"]
[SourceVersionDate "2005.01.01"]
[SourceQuality "1"]
[WhiteTeam "SV Wattenscheid 1930"]
[BlackTeam "SK Passau 1869"]
[WhiteTeamCountry "GER"]
[BlackTeamCountry "GER"]

1. d4 d5 2. c4 e6 3. Nc3 c6 4. e4 Bb4 5. Qg4 Nf6 6. Qxg7 Rg8 7. Qh6 Rg6 8. Qe3
Nxe4 9. Nge2 Nd7 10. f3 Nd6 11. Nf4 Nf5 12. Qf2 Rg8 13. Bd3 Qf6 14. cxd5 cxd5
15. O-O Bd6 16. Nb5 Bb8 17. Qc2 Ne7 18. Bxh7 Rh8 19. g3 Qg7 20. Bd3 a6 21. Nc3
Qxd4+ 22. Kg2 Qg7 23. Bd2 Nf6 24. Rfe1 e5 25. Qa4+ Bd7 26. Qa3 Bc6 27. Nb5 axb5
28. Qxa8 Kd7 29. Bxb5 Bc7 30. Qxb7 Rb8 31. Bxc6+ Nxc6 32. Qa6 Rxb2 33. Rac1 Nd8
34. Rxc7+ Kxc7 35. Rc1+ Kd7 36. Qa4+ Ke7 37. Qa3+ 1-0

[Event "Bundesliga 9900"]
[Site "Deutschland"]
[Date "1999.10.10"]
[Round "2.7"]
[White "Renner, Christoph"]
[Black "Sandkamp, Ralph"]
[Result "1-0"]
[WhiteElo "2448"]
[BlackElo "2318"]
[PlyCount "37"]
[EventDate "1999.10.09"]
[EventType "team"]
[EventRounds "15"]
[EventCountry "GER"]
[SourceTitle "Bundesliga 9900"]
[Source "DeepChess"]
[SourceDate "2005.01.01"]
[SourceVersion "1"]
[SourceVersionDate "2005.01.01"]
[SourceQuality "1"]
[WhiteTeam "SK Passau 1869"]
[BlackTeam "SV Wattenscheid 1930"]
[WhiteTeamCountry "GER"]
[BlackTeamCountry "GER"]

1. e4 c5 2. d3 Nc6 3. g3 g6 4. Bg2 Bg7 5. f4 d6 6. c3 e5 7. Nh3 Nge7 8. O-O O-O
9. Na3 d5 10. f5 gxf5 11. Qh5 f6 12. exf5 Rb8 13. Nc2 b5 14. g4 Kh8 15. g5 Bxf5
16. Rxf5 Nxf5 17. g6 Nh6 18. Bxh6 Rb7 19. Bd2 1-0

[Event "Bundesliga 9900"]
[Site "Deutschland"]
[Date "1999.10.10"]
[Round "2.8"]
[White "Straeter, Timo"]
[Black "Gross, David2"]
[Result "0-1"]
[WhiteElo "2316"]
[BlackElo "2425"]
[PlyCount "124"]
[EventDate "1999.10.09"]
[EventType "team"]
[EventRounds "15"]
[EventCountry "GER"]
[SourceTitle "Bundesliga 9900"]
[Source "DeepChess"]
[SourceDate "2005.01.01"]
[SourceVersion "1"]
[SourceVersionDate "2005.01.01"]
[SourceQuality "1"]
[WhiteTeam "SV Wattenscheid 1930"]
[BlackTeam "SK Passau 1869"]
[WhiteTeamCountry "GER"]
[BlackTeamCountry "GER"]

1. d4 Nf6 2. c4 g6 3. Bg5 Ne4 4. Bf4 c5 5. d5 Bg7 6. Nd2 Nf6 7. e4 d6 8. Qc2
O-O 9. Ngf3 e6 10. Bd3 Na6 11. a3 Nc7 12. O-O e5 13. Bg5 h6 14. Bh4 Qe8 15. b4
Na6 16. Rab1 Nh5 17. Nb3 b6 18. bxc5 Nxc5 19. Nxc5 bxc5 20. Nd2 f5 21. exf5
gxf5 22. Rfe1 Nf4 23. f3 Qh5 24. Bg3 Nxd3 25. Qxd3 e4 26. fxe4 Bd4+ 27. Kh1 f4
28. Rf1 Be5 29. Be1 f3 30. g3 Bg4 31. Rb3 Rf7 32. Bf2 Raf8 33. Rfb1 Qh3 34. Rg1
Qg2+ 35. Rxg2 fxg2+ 36. Kxg2 Rxf2+ 37. Kh1 Bh3 38. Rb1 Bg2+ 39. Kg1 Bd4 40. Nb3
Bf1 41. Rxf1 R2f3+ 42. Nxd4 Rxd3 43. Nf5 Rf6 44. Rb1 Rxa3 45. Rb8+ Kf7 46. Rd8
Rc3 47. Nxd6+ Ke7 48. Nb7 Rb6 49. d6+ Kf7 50. Rd7+ Kg6 51. Kg2 Rb2+ 52. Kh3 h5
53. Re7 Rcc2 54. Re6+ Kg5 55. Re5+ Kf6 56. Rxh5 Rxh2+ 57. Kg4 Rxh5 58. d7 Rh8
59. d8=Q+ Rxd8 60. Nxd8 a5 61. Kf4 a4 62. e5+ Ke7 0-1

[Event "Bundesliga 9900"]
[Site "Deutschland"]
[Date "1999.11.06"]
[Round "3.1"]
[White "Agdestein, Simen"]
[Black "Shirov, Alexei"]
[Result "1/2-1/2"]
[WhiteElo "2580"]
[BlackElo "2734"]
[PlyCount "71"]
[EventDate "1999.10.09"]
[EventType "team"]
[EventRounds "15"]
[EventCountry "GER"]
[SourceTitle "Bundesliga 9900"]
[Source "DeepChess"]
[SourceDate "2005.01.01"]
[SourceVersion "1"]
[SourceVersionDate "2005.01.01"]
[SourceQuality "1"]
[WhiteTeam "Delmenhorster SK 1931"]
[BlackTeam "Luebecker SV von 1873 "]
[WhiteTeamCountry "GER"]
[BlackTeamCountry "GER"]

1. d4 Nf6 2. c4 g6 3. g3 c5 4. d5 b5 5. cxb5 a6 6. bxa6 Nxa6 7. Nc3 d6 8. Bg2
Bg7 9. Nf3 O-O 10. O-O Bf5 11. Nh4 Bd7 12. e4 Nc7 13. a4 Nb5 14. Ne2 Ng4 15.
Nf3 Nc7 16. Ra3 Qb8 17. b3 Qb4 18. Nd2 Rfb8 19. Qc2 Nb5 20. Ra2 Nd4 21. Nxd4
Bxd4 22. h3 Ne5 23. Kh2 Qc3 24. f4 Nd3 25. Ba3 Nb4 26. Bxb4 Rxb4 27. Rf3 Qxc2
28. Rxc2 f5 29. exf5 Bxf5 30. Ra2 e5 31. fxe5 dxe5 32. g4 e4 33. Rf1 Bd7 34.
Bxe4 Bc3 35. Nc4 Rxb3 36. d6 1/2-1/2

[Event "Bundesliga 9900"]
[Site "Deutschland"]
[Date "1999.11.06"]
[Round "3.2"]
[White "Bareev, Evgeny"]
[Black "Rogers, Ian"]
[Result "1/2-1/2"]
[WhiteElo "2698"]
[BlackElo "2574"]
[PlyCount "94"]
[EventDate "1999.10.09"]
[EventType "team"]
[EventRounds "15"]
[EventCountry "GER"]
[SourceTitle "Bundesliga 9900"]
[Source "DeepChess"]
[SourceDate "2005.01.01"]
[SourceVersion "1"]
[SourceVersionDate "2005.01.01"]
[SourceQuality "1"]
[WhiteTeam "Luebecker SV von 1873 "]
[BlackTeam "Delmenhorster SK 1931"]
[WhiteTeamCountry "GER"]
[BlackTeamCountry "GER"]

1. d4 Nf6 2. c4 e5 3. dxe5 Ng4 4. Bf4 Nc6 5. Nf3 Bb4+ 6. Nc3 Qe7 7. Qd5 Bxc3+
8. bxc3 f6 9. exf6 Nxf6 10. Qd3 d6 11. g3 Ne4 12. Bg2 Nc5 13. Qe3 Na5 14. Qxe7+
Kxe7 15. Bg5+ Ke8 16. Nd2 Be6 17. Be3 Na4 18. c5 Nxc5 19. Bxc5 dxc5 20. Ne4 Bd5
21. O-O-O Bc6 22. Rd3 Ke7 23. Bf3 b6 24. Ng5 Kf6 25. h4 h6 26. Ne4+ Ke7 27. Nd2
Rhd8 28. Re3+ Kf7 29. Rd1 Rd6 30. Bxc6 Nxc6 31. Nc4 Rxd1+ 32. Kxd1 Rd8+ 33. Kc2
Kf6 34. g4 Rd7 35. Rf3+ Ke6 36. h5 b5 37. Re3+ Kd5 38. Nd2 c4 39. f3 Ne5 40.
Re4 c5 41. Nf1 Rf7 42. Ne3+ Kd6 43. f4 Nc6 44. Nf5+ Kd7 45. Kd1 Ne7 46. Re5
Nxf5 47. gxf5 Kd6 1/2-1/2

[Event "Bundesliga 9900"]
[Site "Deutschland"]
[Date "1999.11.06"]
[Round "3.4"]
[White "Kalinitschew, Sergey"]
[Black "Conquest, Stuart"]
[Result "1/2-1/2"]
[WhiteElo "2524"]
[BlackElo "2555"]
[PlyCount "52"]
[EventDate "1999.10.09"]
[EventType "team"]
[EventRounds "15"]
[EventCountry "GER"]
[SourceTitle "Bundesliga 9900"]
[Source "DeepChess"]
[SourceDate "2005.01.01"]
[SourceVersion "1"]
[SourceVersionDate "2005.01.01"]
[SourceQuality "1"]
[WhiteTeam "Luebecker SV von 1873 "]
[BlackTeam "Delmenhorster SK 1931"]
[WhiteTeamCountry "GER"]
[BlackTeamCountry "GER"]

1. d4 e6 2. Nf3 Nf6 3. c4 c5 4. Nc3 cxd4 5. Nxd4 Nc6 6. a3 Bc5 7. Nb3 Be7 8.
Bf4 O-O 9. e3 b6 10. Be2 Bb7 11. O-O d6 12. Qd2 Qd7 13. Rfd1 Rfd8 14. Rac1 Rac8
15. Qe1 Qe8 16. Nb5 Qf8 17. Bf3 Rd7 18. Bg3 h6 19. h3 a6 20. Nc3 Qd8 21. Be2
Ne5 22. Nd2 Ng6 23. Bd3 Ne5 24. Be2 Ng6 25. Bd3 Ne5 26. Be2 Ng6 1/2-1/2

[Event "Bundesliga 9900"]
[Site "Deutschland"]
[Date "1999.11.06"]
[Round "3.5"]
[White "Gisbrecht, Ewgeni"]
[Black "Lau, Ralf"]
[Result "1-0"]
[WhiteElo "2422"]
[BlackElo "2460"]
[PlyCount "79"]
[EventDate "1999.10.09"]
[EventType "team"]
[EventRounds "15"]
[EventCountry "GER"]
[SourceTitle "Bundesliga 9900"]
[Source "DeepChess"]
[SourceDate "2005.01.01"]
[SourceVersion "1"]
[SourceVersionDate "2005.01.01"]
[SourceQuality "1"]
[WhiteTeam "Delmenhorster SK 1931"]
[BlackTeam "Luebecker SV von 1873 "]
[WhiteTeamCountry "GER"]
[BlackTeamCountry "GER"]

1. Nf3 Nf6 2. c4 e6 3. g3 d5 4. b3 Be7 5. Bg2 c5 6. cxd5 Nxd5 7. Bb2 O-O 8. O-O
Nc6 9. Nc3 Bf6 10. Qc1 b6 11. Nxd5 exd5 12. d4 Ba6 13. Re1 Rc8 14. dxc5 bxc5
15. Rb1 Re8 16. Bxf6 Qxf6 17. Qxc5 Bxe2 18. Qxd5 Rcd8 19. Qg5 Qxg5 20. Nxg5 Nd4
21. Rbc1 h6 22. Ne4 Bd3 23. Nc3 Rxe1+ 24. Rxe1 Rc8 25. Nd5 Ne2+ 26. Kh1 Rc1 27.
Rxc1 Nxc1 28. Nc3 Kf8 29. Kg1 Ke7 30. f4 Bf5 31. Kf2 Nd3+ 32. Ke3 Ne1 33. Bh1
Nc2+ 34. Kd2 Nd4 35. Ne2 Nb5 36. Bc6 Nc7 37. Nd4 Bb1 38. Nb5 Nxb5 39. Bxb5 Bxa2
40. Kc2 1-0